Statistics for Capital Cities Closest to an Unknown Capital City A-Z

Click here to take the quiz!

General Stats

  • This quiz has been taken 306 times
  • The average score is 16 of 25

Answer Stats

SCapital City% Correct
ZZagreb
84%
RRome
82%
VVienna
82%
WWarsaw
82%
AAthens
77%
KKiev
76%
PPrague
76%
OOslo
75%
BBratislava
74%
MMinsk
72%
Budapest
68%
HHelsinki
68%
LLjubljana
67%
QQuito
67%
SSarajevo
65%
YYerevan
65%
CChisinau
64%
UUlaanbaatar
62%
TTirana
60%
JJerusalem
56%
IIslamabad
53%
NNicosia
48%
DDublin
43%
FFreetown
34%
GGaborone
27%

Score Distribution

Percentile by Number Answered

Percent of People with Each Score

Your Score History

You have not taken this quiz